Gaming Quiz

Random Gaming or Video Games Quiz

Wii Menu channels Quiz Stats

 Plays Quiz not verified by Sporcle

Also try: Civilization V
Challenge
Share
Tweet
Score 0/14 Timer 04:00
0 Plays Today
Channel % Correct
Disc Channel
97.5%
Mii Channel
88.9%
Forecast Channel
80.2%
News Channel
71.6%
Photo Channel
69.1%
Wii Shop Channel
67.9%
Internet Channel
48.1%
Channel % Correct
Nintendo Channel
40.7%
Check Mii Out Channel
32.1%
Everybody Votes Channel
29.6%
Mario Kart Wii Channel
25.9%
Wii Fit Channel
18.5%
Wii Speak Channel
17.3%
Wii Fit Plus Channel
12.3%

You're not logged in!

Compare scores with friends on all Sporcle quizzes.
OR
Log In

You Might Also Like...

Show Comments

Extras

Top Quizzes Today


Score Distribution

Your Account Isn't Verified!

In order to create a playlist on Sporcle, you need to verify the email address you used during registration. Go to your Sporcle Settings to finish the process.

Report this User

Report this user for behavior that violates our Community Guidelines.

Details: